| 000 | 00542nam a2200217Ia 4500 | ||
|---|---|---|---|
| 008 | 210210b2006 xxu||||| |||| 00| 0 eng d | ||
| 020 | _a97807761943457 | ||
| 041 | _aeng | ||
| 082 | _a155 SCHK | ||
| 100 | _aSCHAFFER (H Rudolph) | ||
| 245 | _aKey concepts in developmental psychology | ||
| 260 |
_aLos Angeles _bSage Publications _c2006 |
||
| 300 | _aviii,263 | ||
| 650 | _apsychology | ||
| 650 | _aKey | ||
| 650 | _ain | ||
| 650 | _adevelopmental | ||
| 650 | _aconcepts | ||
| 690 | _aDevelopmental Psychology | ||
| 906 | _a071344 | ||
| 999 |
_c120666 _d120666 |
||